000 00363nam a22001337a 4500
020 _qHB.
040 _cFIZZA ISHAQ
082 _a519.5
_bMAS
100 _aMason, Robert D.
_9133748
245 _aStatistical techniques in business and economics /
_c Robert D , Mason.
260 _aUSA:
_bRichard D Irwin,
_c1967.
300 _a520 P. ;
_c26 cm
942 _2ddc
_cBK
999 _c616706
_d616706